000 00822cam a2200169 4500
001 WB3712-19
008 000000n2001 000 0 eng u
035 _a(Sirsi) u111602
245 _aFM faculty up and running
260 _c2001
490 _aRICS Press Release
_v(pr041) 14 March 2001, (2)
520 _aThe chairman of the RICS Facilities Management Faculty has welcomed the opportunity to influence the development of facilities management that the faculty offers the RICS. The faculty will both serve and represent its 7,300 members who are either full time facilities managers or have an interest in the subject, facilitating access to the information held at the RICS through its website.
590 _aWB
650 _aRICS FACULTIES AND FORUMS
690 _aMANAGEMENT-FACILITIES MANAGEMENT
942 _n0
999 _c66495
_d66495